L'Upupa (Record no. 88993)
[ view plain ]
| 000 -LEADER | |
|---|---|
| campo de control de longitud fija | 01311nam a2200289 i 4500 |
| 001 - NÚMERO DE CONTROL | |
| campo de control | 88993 |
| 003 - IDENTIFICADOR DE NÚMERO DE CONTROL | |
| campo de control | ES-MaACL |
| 005 - FECHA Y HORA DE LA ÚLTIMA TRANSACCIÓN | |
| campo de control | 20250522193610.0 |
| 007 - CAMPO FIJO DE DESCRIPCIÓN FÍSICA--INFORMACIÓN GENERAL | |
| campo de control de longitud fija | t| |
| 008 - DATOS DE LONGITUD FIJA--INFORMACIÓN GENERAL | |
| campo de control de longitud fija | 050121s2004 sp a ||||1| spa d |
| 080 ## - NÚMERO DE LA CLASIFICACIÓN DECIMAL UNIVERSAL | |
| Número de la Clasificación Decimal Universal | 782.1(083.97) |
| 100 1# - ENTRADA PRINCIPAL--NOMBRE DE PERSONA | |
| Nombre de persona | Henze, Hans Werner. |
| 9 (RLIN) | 62619 |
| 245 12 - MENCIÓN DEL TÍTULO | |
| Título | L'Upupa |
| Resto del título | : und der triumph der sohnesliebe : ein deutscher lustpiel (comedia alemana), once cuadros árabes / |
| Mención de responsabilidad, etc. | Hans Werner Henze : estrenada en el Kleines Fespielhaus del Ferstival de Salzburgo el 12 de agosto de 2003 ; nueva producción del Teatro Real, en coproducción con el Festival de Salzburgo y la Deutsche Oper Berlin. |
| 260 ## - PUBLICACIÓN, DISTRIBUCIÓN, ETC. | |
| Lugar de publicación, distribución, etc. | [Madrid] : |
| Nombre del editor, distribuidor, etc. | Teatro Real, |
| Fecha de publicación, distribución, etc. | 2004. |
| 300 ## - DESCRIPCIÓN FÍSICA | |
| Extensión | 191 p. : |
| Otras características físicas | il. col. y n. ; |
| Dimensiones | 24 cm. |
| 500 ## - NOTA GENERAL | |
| Nota general | Teatro Real, temporada 2004-2005 en anteportada. |
| 500 ## - NOTA GENERAL | |
| Nota general | Programa de las representaciones habidas los días 7,9,11,14,16,19,21,23 de diciembre de 2004. |
| 500 ## - NOTA GENERAL | |
| Nota general | Texto del libreto en alemán y traducción al español. |
| 650 #4 - PUNTO DE ACCESO ADICIONAL DE MATERIA--TÉRMINO DE MATERIA | |
| Término de materia o nombre geográfico como elemento de entrada | Óperas- |
| Subdivisión general | Programas. |
| 9 (RLIN) | 170038 |
| 700 1# - ENTRADA AGREGADA--NOMBRE PERSONAL | |
| Nombre de persona | Illica, Luigi. |
| 9 (RLIN) | 65194 |
| 700 1# - ENTRADA AGREGADA--NOMBRE PERSONAL | |
| Nombre de persona | Puccini, Giacomo, |
| Fechas asociadas al nombre | 1858-1924 |
| 9 (RLIN) | 240509 |
| 700 ## - ENTRADA AGREGADA--NOMBRE PERSONAL | |
| Nombre de persona | Giacosa, Giuseppe, |
| Fechas asociadas al nombre | 1847-1906 |
| 9 (RLIN) | 237867 |
| 700 1# - ENTRADA AGREGADA--NOMBRE PERSONAL | |
| Nombre de persona | Sardou, Victorien. |
| 9 (RLIN) | 103800 |
| 710 2# - ENTRADA AGREGADA--NOMBRE DE ENTIDAD CORPORATIVA | |
| Nombre de entidad corporativa o nombre de jurisdicción como elemento de entrada | Teatro Real (Madrid) |
| 9 (RLIN) | 6926 |
| 852 ## - LOCALIZACIÓN | |
| Ubicación | ES-MaACL |
| Número de control de estantería | L-28617 |
| Estatus retirado | Estado de pérdida | Estado de daño | No para préstamo | Biblioteca de origen | Biblioteca actual | Ubicación en estantería | Fecha de adquisición | Fuente de adquisición | Total de préstamos | Signatura topográfica completa | Código de barras | Visto por última vez | Precio de reemplazo | Tipo de ítem Koha |
|---|---|---|---|---|---|---|---|---|---|---|---|---|---|---|
| Biblioteca del Ateneo de Madrid | Biblioteca del Ateneo de Madrid | Depósito 2 | 17/01/2008 | L-28617 | 1092947 | 23/02/2023 | 23/02/2023 | Libro impreso |
